[Event "Lisbon Portugal op"]
[Site "Lisbon"]
[Date "2019.02.06"]
[Round "5"]
[White "Gallardo Fernandez, Cesar"]
[Black "Di Nicolantonio, Lucas"]
[Result "0-1"]
[WhiteElo "2194"]
[BlackElo "2364"]
[PlyCount "74"]
[EventDate "2019.02.02"]
[EventType "swiss"]
[EventRounds "9"]
[EventCountry "POR"]
[SourceTitle "CBM 188 Extra"]
[Source "ChessBase"]
[SourceDate "2019.02.26"]
[SourceVersion "1"]
[SourceVersionDate "2019.02.26"]
[SourceQuality "1"]

1. c4 f5 2. g3 Nf6 3. Bg2 g6 4. Nc3 Bg7 5. e3 d6 6. Nge2 0-0 7. d4 e5 8. 0-0 c6 9. b3 e4 10. Ba3 Re8 11. Rc1 Na6 12. b4 Nc7 13. Nf4 b5 14. d5 g5 15. Nfe2 cxd5 16. cxb5 Qd7 17. Bb2 Qf7 18. h3 Ne6 19. Qd2 f4 20. gxf4 gxf4 21. exf4 Bb7 22. f5 Nf8 23. Nd4 N8d7 24. f4 exf3 25. Nxf3 Ne5 26. Ng5 Qh5 27. Nxd5 Nxd5 28. Bxd5+ Bxd5 29. Qxd5+ Kh8 30. Ne6 Bf6 31. Nf4 Qh4 32. Kh1 Rad8 33. Qg2 Rg8 34. Ng6+ hxg6 35. fxg6 Rxg6 36. Bxe5 Bxe5 37. Rc4 Qxc4 0-1

[Event "ESP-chT CECLUB Div2"]
[Site "Linares"]
[Date "2018.08.17"]
[Round "6.7"]
[White "Gallardo Fernandez, Cesar"]
[Black "Amate Tortosa, Bernardo"]
[Result "1-0"]
[WhiteElo "2184"]
[BlackElo "2146"]
[PlyCount "95"]
[EventDate "2018.08.14"]
[EventType "team-swiss"]
[EventRounds "7"]
[EventCountry "ESP"]
[SourceTitle "CBM 186 Extra"]
[Source "ChessBase"]
[SourceDate "2018.08.24"]
[SourceVersion "1"]
[SourceVersionDate "2018.08.24"]
[SourceQuality "1"]
[WhiteTeam "Oromana Broncesval"]
[BlackTeam "Ajedrez Roquetas"]
[WhiteTeamCountry "ESP"]
[BlackTeamCountry "ESP"]

1. e4 d6 2. d4 Nf6 3. Nc3 Nbd7 4. g3 e5 5. Bg2 c6 6. Nge2 Qc7 7. 0-0 Be7 8. h3 0-0 9. a4 Re8 10. g4 exd4 11. Nxd4 Nc5 12. g5 Nfd7 13. Nf5 Bf8 14. Bf4 Ne5 15. Ne3 Ne6 16. Bg3 Nxg5 17. f4 Qb6 18. Qe1 Nxh3+ 19. Bxh3 Bxh3 20. fxe5 Bxf1 21. Kxf1 dxe5 22. Nc4 Qd4 23. Qe2 Bc5 24. Kg2 Qd8 25. Rf1 f6 26. Nxe5 fxe5 27. Qc4+ Kh8 28. Qxc5 Qd4 29. Bf2 Qxc5 30. Bxc5 b6 31. Be3 Rf8 32. Rh1 g6 33. Ne2 h5 34. Nc1 Rfe8 35. Nd3 Kg8 36. Bd2 Re6 37. Bc3 Rae8 38. Kf3 Kf7 39. Rg1 Kf6 40. Rg2 g5 41. Kg3 Kg6 42. Rf2 g4 43. Rf5 Rf6 44. Nxe5+ Rxe5 45. Rxf6+ Kxf6 46. Kf4 c5 47. Bxe5+ Ke6 48. Bb8 1-0

[Event "ESP-chT CECLUB Div2"]
[Site "Linares"]
[Date "2018.08.15"]
[Round "3.5"]
[White "Glavina, Pablo"]
[Black "Gallardo Fernandez, Cesar"]
[Result "1-0"]
[WhiteElo "2400"]
[BlackElo "2184"]
[PlyCount "73"]
[EventDate "2018.08.14"]
[EventType "team-swiss"]
[EventRounds "7"]
[EventCountry "ESP"]
[SourceTitle "CBM 186 Extra"]
[Source "ChessBase"]
[SourceDate "2018.08.24"]
[SourceVersion "1"]
[SourceVersionDate "2018.08.24"]
[SourceQuality "1"]
[WhiteTeam "Casablanca Stadium"]
[BlackTeam "Oromana Broncesval"]
[WhiteTeamCountry "ESP"]
[BlackTeamCountry "ESP"]

1. d4 Nf6 2. c4 e6 3. g3 d5 4. Bg2 c5 5. cxd5 exd5 6. Nf3 Nc6 7. 0-0 cxd4 8. Nxd4 Be7 9. Nxc6 bxc6 10. Qc2 Bb7 11. Nc3 0-0 12. Na4 Re8 13. Be3 Nd7 14. Rfd1 Bf6 15. Nc5 Nxc5 16. Bxc5 Qc8 17. Rac1 Qe6 18. e3 h5 19. h4 g5 20. hxg5 Bxg5 21. Qa4 Qg6 22. Rc3 Bc8 23. e4 Bg4 24. f3 Bf6 25. fxg4 Bxc3 26. bxc3 Qxg4 27. Rf1 Re6 28. Qd1 Qxg3 29. exd5 Rg6 30. Qf3 Qxf3 31. Rxf3 cxd5 32. Kh2 a5 33. Rf5 Raa6 34. Bd4 Rxg2+ 35. Kxg2 Rd6 36. Rxh5 f6 37. Kf3 1-0

[Event "Seville-ch"]
[Site "Seville"]
[Date "2017.03.25"]
[Round "9"]
[White "Gallardo Fernandez, Cesar"]
[Black "Silva Lucena, Cristian"]
[Result "1-0"]
[WhiteElo "2208"]
[BlackElo "2254"]
[PlyCount "43"]
[EventDate "2017.01.28"]
[EventType "swiss"]
[EventRounds "9"]
[EventCountry "ESP"]
[SourceTitle "EXT 2018"]
[Source "ChessBase"]
[SourceDate "2017.10.13"]
[SourceVersion "1"]
[SourceVersionDate "2017.10.13"]
[SourceQuality "1"]

1. e4 e6 2. d4 d5 3. Nd2 Nc6 4. c3 e5 5. exd5 Qxd5 6. Ngf3 exd4 7. Bc4 Qh5 8. cxd4 Be6 9. Qa4 Bxc4 10. Qxc4 0-0-0 11. 0-0 Qd5 12. Qa4 g5 13. Ne5 Nxd4 14. Ndf3 Bc5 15. Be3 g4 16. Bxd4 gxf3 17. Bxc5 Qxe5 18. Qxa7 Qg5 19. g3 Ne7 20. Qa8+ Kd7 21. Rad1+ Nd5 22. Qxb7 1-0

[Event "Lorca op 4th"]
[Site "Lorca"]
[Date "2015.12.30"]
[Round "9"]
[White "Gallardo Fernandez, Cesar"]
[Black "Giaccio, Alfredo Gustavo"]
[Result "1/2-1/2"]
[WhiteElo "2223"]
[BlackElo "2476"]
[PlyCount "46"]
[EventDate "2015.12.26"]
[EventType "swiss"]
[EventRounds "9"]
[EventCountry "ESP"]
[SourceTitle "CBM 170 Extra"]
[Source "ChessBase"]
[SourceDate "2016.02.25"]
[SourceVersion "1"]
[SourceVersionDate "2016.02.25"]
[SourceQuality "1"]

1. e4 e6 2. d4 d5 3. Nc3 Nc6 4. Be3 Bb4 5. Nge2 Nge7 6. a3 Ba5 7. Qd3 dxe4 8. Qxe4 e5 9. 0-0-0 Bf5 10. Qh4 Bxc3 11. Nxc3 Nd5 12. Qxd8+ Rxd8 13. Nxd5 Rxd5 14. Bc4 Rd8 15. Rhe1 0-0 16. d5 Na5 17. Ba2 b6 18. Bg5 f6 19. Bd2 Nb7 20. d6+ Kh8 21. dxc7 Rd7 22. Bb4 Rxd1+ 23. Rxd1 Rc8 1/2-1/2

[Event "Pula op 29th"]
[Site "Pula"]
[Date "2015.06.20"]
[Round "9"]
[White "Gallardo Fernandez, Cesar"]
[Black "Marek, Matyas"]
[Result "0-1"]
[WhiteElo "2202"]
[BlackElo "2283"]
[PlyCount "104"]
[EventDate "2015.06.13"]
[EventType "swiss"]
[EventRounds "9"]
[EventCountry "CRO"]
[SourceTitle "CBM 167 Extra"]
[Source "ChessBase"]
[SourceDate "2015.09.14"]
[SourceVersion "1"]
[SourceVersionDate "2015.09.14"]
[SourceQuality "1"]

1. e4 c5 2. c3 d5 3. exd5 Qxd5 4. d4 g6 5. Nf3 Bg7 6. dxc5 Qxc5 7. Be3 Qc7 8. Be2 Nf6 9. 0-0 0-0 10. Na3 Nc6 11. Nb5 Qd8 12. Nbd4 Bd7 13. Nxc6 Bxc6 14. Nd4 Bd7 15. Bg5 e5 16. Nb3 Qc7 17. Qc1 Rfe8 18. Rd1 Bc6 19. Bf1 Ne4 20. Be3 b6 21. Nd2 Nd6 22. f3 Nf5 23. Bf2 Bh6 24. Qc2 Ne3 25. Bxe3 Bxe3+ 26. Kh1 Qe7 27. Nc4 Bf4 28. Qf2 Rad8 29. g3 Bh6 30. Bg2 Qf6 31. Ne3 Qe6 32. b3 Bg7 33. Qc2 h5 34. Rxd8 Rxd8 35. Rd1 Rxd1+ 36. Qxd1 e4 37. c4 exf3 38. Bxf3 Bxf3+ 39. Qxf3 Bd4 40. Nc2 Bf6 41. Kg2 h4 42. g4 Qe5 43. Ne3 Qb2+ 44. Qf2 h3+ 45. Kf3 Qc3 46. Qg3 Bg5 47. Ke4 Bxe3 48. Qxe3 Qc2+ 49. Kf4 Qxh2+ 50. Kg5 Qd6 51. Qe4 h2 52. Kh4 g5+ 0-1

[Event "Seville op 39th"]
[Site "Seville"]
[Date "2014.01.18"]
[Round "9"]
[White "Guerreiro, Nuno M"]
[Black "Gallardo Fernandez, Cesar"]
[Result "0-1"]
[WhiteElo "2161"]
[BlackElo "2244"]
[PlyCount "102"]
[EventDate "2014.01.10"]
[EventType "swiss"]
[EventRounds "9"]
[EventCountry "ESP"]
[SourceTitle "CBM 158 Extra"]
[Source "ChessBase"]
[SourceDate "2014.02.28"]
[SourceVersion "1"]
[SourceVersionDate "2014.02.28"]
[SourceQuality "1"]

1. Nf3 c5 2. g3 g6 3. Bg2 Bg7 4. 0-0 Nc6 5. d3 e6 6. c4 Nge7 7. Nc3 0-0 8. Bd2 d5 9. Rb1 a6 10. a3 dxc4 11. dxc4 Qc7 12. b4 Rd8 13. Ne4 cxb4 14. axb4 f5 15. Nc5 Nxb4 16. Qa4 Nbc6 17. Rfd1 b6 18. Nd3 Bd7 19. Qb3 Na5 20. Qa3 Nec6 21. Bf4 Qa7 22. Nfe5 Rac8 23. Bg5 Bxe5 24. Nxe5 Nxe5 25. Bxd8 Rxd8 26. c5 Nac4 27. cxb6 Nxa3 28. bxa7 Nxb1 29. Rxb1 Nc6 30. Bxc6 Bxc6 31. Rb8 Rf8 32. Rb6 Bd5 33. Rxa6 Ra8 34. f4 Kf7 35. Kf2 Kf6 36. h4 h6 37. Ke3 Bb7 38. Ra5 g5 39. h5 gxf4+ 40. gxf4 Bc6 41. Kd4 Be8 42. e4 Bxh5 43. exf5 exf5 44. Ra6+ Kg7 45. Ke5 Bg4 46. Ke6 h5 47. Ke7 Bf3 48. Ra3 Be4 49. Ke6 h4 50. Rh3 Rh8 51. Ke5 Bg2 0-1

[Event "Seville op 39th"]
[Site "Seville"]
[Date "2014.01.17"]
[Round "8"]
[White "Gallardo Fernandez, Cesar"]
[Black "Lopez Rodriguez, Fernando"]
[Result "1-0"]
[WhiteElo "2244"]
[BlackElo "2098"]
[PlyCount "115"]
[EventDate "2014.01.10"]
[EventType "swiss"]
[EventRounds "9"]
[EventCountry "ESP"]
[SourceTitle "CBM 158 Extra"]
[Source "ChessBase"]
[SourceDate "2014.02.28"]
[SourceVersion "1"]
[SourceVersionDate "2014.02.28"]
[SourceQuality "1"]

1. c4 e6 2. g3 d5 3. cxd5 exd5 4. d4 Nf6 5. Bg2 c5 6. Nf3 Nc6 7. 0-0 Be7 8. Nc3 0-0 9. h3 Re8 10. Be3 c4 11. Ne5 Bb4 12. Qa4 Bxc3 13. Nxc6 Qd7 14. bxc3 Ne4 15. Qc2 Qxc6 16. Bf4 g5 17. Bc1 Bf5 18. g4 Bg6 19. Qb2 f6 20. f3 Ng3 21. Rf2 Re7 22. e3 Bd3 23. Bd2 Rae8 24. Re1 h5 25. e4 dxe4 26. f4 hxg4 27. fxg5 fxg5 28. Bxg5 Rg7 29. h4 Qd7 30. Rf6 Nh5 31. Rh6 Qf7 32. Qf2 Qxf2+ 33. Kxf2 Rh7 34. Rg6+ Kf8 35. Ke3 Kf7 36. Rd6 Kg8 37. Rg1 Rf7 38. Rg6+ Kh8 39. Rh6+ Rh7 40. Rxh7+ Kxh7 41. Bh1 g3 42. Bg2 Kg7 43. Bh3 Rf8 44. Bg4 Kg6 45. d5 Nf6 46. Be6 Nxd5+ 47. Bxd5 Rf3+ 48. Kd4 Kf5 49. Bxb7 Kg4 50. Bc8+ Kh5 51. Be6 Bf1 52. Bxc4 g2 53. Kxe4 Rf8 54. Be7 Rf2 55. Ke3 Rf5 56. Be2+ Kh6 57. Bg5+ Kg6 58. Bd3 1-0

[Event "Seville-ch"]
[Site "Seville"]
[Date "2013.01.31"]
[Round "6"]
[White "Santos Ruiz, Miguel"]
[Black "Gallardo Fernandez, Cesar"]
[Result "1-0"]
[WhiteElo "2154"]
[BlackElo "2263"]
[PlyCount "41"]
[EventDate "2013.01.26"]
[EventType "swiss"]
[EventRounds "6"]
[EventCountry "ESP"]
[SourceTitle "EXT 2014"]
[Source "ChessBase"]
[SourceDate "2013.11.20"]
[SourceVersion "1"]
[SourceVersionDate "2013.11.20"]
[SourceQuality "1"]

1. e4 d6 2. d4 Nf6 3. Nc3 c6 4. f4 Qa5 5. Bd3 e5 6. Nf3 exd4 7. Nxd4 Na6 8. 0-0 Qb6 9. Bxa6 bxa6 10. e5 Bg4 11. Qd3 dxe5 12. fxe5 0-0-0 13. Be3 c5 14. exf6 cxd4 15. Qc4+ Qc7 16. Qxa6+ Qb7 17. Qxb7+ Kxb7 18. fxg7 Bxg7 19. Rxf7+ Rd7 20. Rxg7 dxe3 21. Rxg4 1-0

[Event "Seville-ch"]
[Site "Seville"]
[Date "2013.01.27"]
[Round "2"]
[White "Moron Hernandez, Carlos"]
[Black "Gallardo Fernandez, Cesar"]
[Result "0-1"]
[WhiteElo "1931"]
[BlackElo "2263"]
[PlyCount "70"]
[EventDate "2013.01.26"]
[EventType "swiss"]
[EventRounds "6"]
[EventCountry "ESP"]
[SourceTitle "EXT 2014"]
[Source "ChessBase"]
[SourceDate "2013.11.20"]
[SourceVersion "1"]
[SourceVersionDate "2013.11.20"]
[SourceQuality "1"]

1. d4 Nf6 2. c4 e6 3. Nc3 Bb4 4. Nf3 b6 5. g3 Ba6 6. Bg2 Bxc3+ 7. bxc3 Bxc4 8. 0-0 Bd5 9. Ba3 d6 10. Qc2 0-0 11. Rfe1 Be4 12. Qb3 Nbd7 13. Bh3 Re8 14. Nd2 Bb7 15. e4 c5 16. f3 Qc7 17. Rab1 Rac8 18. Rec1 a6 19. Bf1 b5 20. Be2 Rb8 21. Kf1 e5 22. d5 Nf8 23. Kg2 Ng6 24. Qd1 Bc8 25. Nf1 h5 26. Rc2 Qd7 27. Bc1 h4 28. Qe1 Nh5 29. f4 Qh3+ 30. Kg1 hxg3 31. Bxh5 Qxh5 32. Nxg3 Qg4 33. f5 Nf4 34. Be3 Qf3 35. Bf2 Nh3+ 0-1

[Event "Benidorm op U2300 11th"]
[Site "Benidorm"]
[Date "2012.12.05"]
[Round "6"]
[White "Gallardo Fernandez, Cesar"]
[Black "Sanchez Botella, Luis Javier"]
[Result "1-0"]
[WhiteElo "2201"]
[BlackElo "2253"]
[PlyCount "91"]
[EventDate "2012.11.30"]
[EventType "swiss"]
[EventRounds "10"]
[EventCountry "ESP"]
[SourceTitle "EXT 2014"]
[Source "ChessBase"]
[SourceDate "2013.11.20"]
[SourceVersion "1"]
[SourceVersionDate "2013.11.20"]
[SourceQuality "1"]

1. e4 c5 2. c3 d5 3. exd5 Qxd5 4. d4 Nf6 5. Nf3 Nc6 6. dxc5 Qxd1+ 7. Kxd1 e6 8. b4 a5 9. b5 Nb8 10. Be3 Ne4 11. c6 bxc6 12. a4 c5 13. Nfd2 Nf6 14. Nb3 Ng4 15. N1d2 Nxe3+ 16. fxe3 Bb7 17. Nc4 Nd7 18. Kc2 Be7 19. Nbxa5 Bd5 20. Bd3 0-0 21. e4 Bd8 22. exd5 exd5 23. Nc6 dxc4 24. Bf5 Nf6 25. Nxd8 Rfxd8 26. Rhd1 g6 27. Rxd8+ Rxd8 28. Bh3 Nd5 29. Re1 Ra8 30. Re5 Nb6 31. Rxc5 Rxa4 32. Rc6 Nd5 33. b6 Ra2+ 34. Kc1 Nxb6 35. Rxb6 f5 36. Rb4 Kf7 37. Rxc4 Kf6 38. Rd4 h5 39. Rd2 Ra1+ 40. Kc2 Rh1 41. c4 g5 42. g3 h4 43. g4 Rg1 44. gxf5 g4 45. Rg2 Re1 46. Bxg4 1-0

[Event "Seville op 37th"]
[Site "Seville"]
[Date "2012.01.09"]
[Round "3"]
[White "Van der Weide, Karel"]
[Black "Gallardo Fernandez, Cesar"]
[Result "1-0"]
[WhiteElo "2445"]
[BlackElo "2209"]
[PlyCount "103"]
[EventDate "2012.01.07"]
[EventType "swiss"]
[EventRounds "9"]
[EventCountry "ESP"]
[SourceTitle "CBM 146 Extra"]
[Source "ChessBase"]
[SourceDate "2012.02.29"]
[SourceVersion "1"]
[SourceVersionDate "2012.02.29"]
[SourceQuality "1"]

1. e4 d6 2. d4 Nf6 3. Nc3 e5 4. Nf3 Nbd7 5. g3 Be7 6. Bg2 0-0 7. 0-0 c6 8. a4 Qc7 9. h3 b6 10. Be3 Bb7 11. Nd2 exd4 12. Bxd4 d5 13. exd5 Nxd5 14. Nxd5 cxd5 15. Re1 Bf6 16. Nf3 Rac8 17. c3 Qd6 18. a5 Nc5 19. axb6 axb6 20. Bxf6 Qxf6 21. Qd4 Qxd4 22. Nxd4 Ra8 23. Nf5 Rfd8 24. Rad1 Kf8 25. b4 Ne4 26. c4 g6 27. Nd4 Rab8 28. b5 Nd6 29. Rc1 dxc4 30. Nc6 Nxb5 31. Nxb8 Rxb8 32. Bxb7 Rxb7 33. Rxc4 Nd6 34. Rc6 Nf5 35. Rb1 b5 36. g4 Nd4 37. Rd6 Ne2+ 38. Kf1 Nf4 39. h4 Ke7 40. Rd4 Ne6 41. Re4 Kd6 42. Ke2 Kc5 43. Ke3 Nc7 44. Rc1+ Kd6 45. Rd4+ Nd5+ 46. Ke4 Re7+ 47. Kd3 Ra7 48. Rc8 Ra3+ 49. Ke4 f5+ 50. gxf5 gxf5+ 51. Kxf5 Rf3+ 52. Kg4 1-0

[Event "Krakow op"]
[Site "Krakow"]
[Date "2011.08.12"]
[Round "8"]
[White "Marczuk, Dominik"]
[Black "Gallardo Fernandez, Cesar"]
[Result "0-1"]
[WhiteElo "1914"]
[BlackElo "2185"]
[PlyCount "90"]
[EventDate "2011.08.06"]
[EventType "swiss"]
[EventRounds "9"]
[EventCountry "POL"]
[SourceTitle "CBM 144 Extra"]
[Source "ChessBase"]
[SourceDate "2011.10.28"]
[SourceVersion "1"]
[SourceVersionDate "2011.10.28"]
[SourceQuality "1"]

1. e4 d6 2. d4 Nf6 3. Nc3 c6 4. Nf3 Nbd7 5. Be2 e5 6. 0-0 Be7 7. a4 0-0 8. a5 Rb8 9. Bg5 h6 10. Bh4 b5 11. b4 a6 12. Rb1 c5 13. dxc5 dxc5 14. bxc5 Qxa5 15. Nd5 Nxd5 16. Qxd5 Bxh4 17. Nxh4 Qc7 18. Nf5 Qxc5 19. Qxc5 Nxc5 20. Ne7+ Kh8 21. f3 Re8 22. Nd5 Be6 23. Nb4 Rb6 24. Ra1 Ra8 25. Ra3 Kg8 26. Rfa1 Kf8 27. Kf2 Na4 28. c4 Bd7 29. cxb5 axb5 30. Rd1 Be6 31. Rda1 Rab8 32. Nc2 Nb2 33. Rb1 Nc4 34. Bxc4 Bxc4 35. Nb4 Rd6 36. Rb2 Rbd8 37. Nd5 Bxd5 38. exd5 Rxd5 39. Rab3 Rb8 40. g4 Ke7 41. Ke3 Kd6 42. Ra2 Kc6 43. Ke4 Rc5 44. Rab2 Ra8 45. Rb4 Ra4 0-1

[Event "Krakow op"]
[Site "Krakow"]
[Date "2011.08.11"]
[Round "7"]
[White "Gallardo Fernandez, Cesar"]
[Black "Zaboklicki, Zbigniew"]
[Result "1-0"]
[WhiteElo "2185"]
[BlackElo "1895"]
[PlyCount "51"]
[EventDate "2011.08.06"]
[EventType "swiss"]
[EventRounds "9"]
[EventCountry "POL"]
[SourceTitle "CBM 144 Extra"]
[Source "ChessBase"]
[SourceDate "2011.10.28"]
[SourceVersion "1"]
[SourceVersionDate "2011.10.28"]
[SourceQuality "1"]

1. e4 c5 2. c3 Nf6 3. e5 Nd5 4. d4 cxd4 5. Nf3 e6 6. Bc4 Nb6 7. Bb3 dxc3 8. Nxc3 d5 9. exd6 Bxd6 10. 0-0 Nc6 11. Bc2 Be7 12. Qe2 a6 13. Rd1 Qc7 14. Qe4 f5 15. Qe2 0-0 16. a4 Bd7 17. Bb3 Rf6 18. a5 Nc8 19. Bg5 Rg6 20. Nh4 Bxg5 21. Nxg6 Nd8 22. Ne5 Be8 23. Nf3 Bf6 24. Nd5 Qf7 25. Nxf6+ Qxf6 26. Rxd8 1-0

[Event "ESP-ch Universities"]
[Site "Madrid"]
[Date "2006.05.08"]
[Round "8"]
[White "Pons Carreras, David"]
[Black "Gallardo Fernandez, Cesar"]
[Result "1/2-1/2"]
[WhiteElo "2295"]
[BlackElo "2140"]
[PlyCount "89"]
[EventDate "2006.05.06"]
[EventType "team"]
[EventRounds "8"]
[EventCountry "ESP"]
[SourceTitle "CBM 112 Extra"]
[Source "ChessBase"]
[SourceDate "2006.07.14"]
[SourceVersion "1"]
[SourceVersionDate "2006.07.14"]
[SourceQuality "1"]

1. Nf3 d5 2. c4 dxc4 3. Qa4+ Nc6 4. g3 Nf6 5. Bg2 Bd7 6. Qxc4 e5 7. d3 Bd6 8. 0-0 0-0 9. a3 Qe7 10. Nbd2 a6 11. b3 Be6 12. Qc2 Nh5 13. Nc4 h6 14. Bb2 Bg4 15. b4 f5 16. h3 Bxf3 17. Bxf3 Qg5 18. Nxd6 cxd6 19. Kh2 Rac8 20. Qc4+ Kh7 21. Qe6 Rcd8 22. h4 Qf6 23. Qxf6 Nxf6 24. Rac1 d5 25. e3 e4 26. Be2 d4 27. Rxc6 bxc6 28. Bxd4 a5 29. Rc1 axb4 30. axb4 Rc8 31. Kg2 Nd5 32. dxe4 fxe4 33. Bg4 Rc7 34. Be5 Rf6 35. Bd4 Rff7 36. Be6 Rfe7 37. Rxc6 Nxe3+ 38. Bxe3 Rxc6 39. Bd5 Rc2 40. b5 Rc5 41. Bc6 Rxc6 42. bxc6 Re6 43. c7 Rc6 44. Bf4 g5 45. hxg5 1/2-1/2

[Event "Dos Hermanas-D"]
[Site "Dos Hermanas"]
[Date "2005.04.09"]
[Round "9"]
[White "Gallardo Fernandez, Cesar"]
[Black "Jimenez Romero, Jose Antonio"]
[Result "1/2-1/2"]
[WhiteElo "2162"]
[BlackElo "2095"]
[PlyCount "47"]
[EventDate "2005.04.01"]
[EventType "tourn"]
[EventRounds "9"]
[EventCountry "ESP"]
[SourceTitle "CBM 105 Extra"]
[Source "ChessBase"]
[SourceDate "2005.05.01"]
[SourceVersion "1"]
[SourceVersionDate "2005.05.01"]
[SourceQuality "1"]

1. e4 d6 2. d4 Nf6 3. Nc3 g6 4. h3 Bg7 5. Nf3 0-0 6. Be2 Na6 7. 0-0 b6 8. Bg5 h6 9. Bh4 Bb7 10. Re1 Re8 11. e5 dxe5 12. dxe5 Nh7 13. Bb5 c6 14. Bc4 b5 15. Bf1 Nc5 16. Qe2 Qc7 17. Rad1 b4 18. Nb1 a5 19. Nbd2 Nf8 20. Qe3 Nfe6 21. Nd4 Nxd4 22. Qxd4 Ne6 23. Qe3 c5 24. Bc4 1/2-1/2